[Event "ESP-ch Seniors 2017"]
[Site "Altea"]
[Date "2017.10.14"]
[Round "8"]
[White "Cantero Navarro, Antonio"]
[Black "Clari Mascarell, Jose Javier"]
[Result "1-0"]
[WhiteElo "2153"]
[BlackElo "2047"]
[Annotator "TA"]
[PlyCount "53"]
[EventDate "2017.??.??"]
[EventType "swiss"]
[EventCountry "ESP"]
[SourceTitle "playchess.com"]
[Source "ChessBase"]
[SourceQuality "1"]

{[%evp 12,53,13,11,16,19,20,0,52,54,147,146,201,195,404,394,381,371,355,340,385,395,898,346,340,329,530,531,529,526,529,510,524,517,637,630,611,399,592,412,616,599,704,693]} 1. d4 Nf6 2. Bf4 d5 3. Nf3 e6 4. e3 c5 5. c3 Nc6 6. Nbd2 Be7 7. h3 {[%cal Bh2h3,Bh3h4][%mdl 32]} h6 {D02: 1 d4 d5 2 Nf3 sidelines, including 2...Nf6 3 g3 and 2...Nf6 3 Bf4} (7... Bd6 8. dxc5 Bxc5 9. Bd3 Bd6 10. Bxd6 Qxd6 11. e4 e5 12. O-O O-O 13. exd5 Qxd5 14. Qc2 Rd8 15. Bc4 {1-0 (52) Wei,Y (2707)-Aronian,L (2785) Doha 2016}) 8. Bd3 O-O 9. g4 Ne8 $146 (9... Bd6 $11) ({Predecessor:} 9... cxd4 10. exd4 Nd7 11. h4 f6 12. Qc2 e5 13. Bxh6 e4 14. Nxe4 dxe4 15. Bc4+ Kh8 16. Qxe4 {1-0 (57) Pinto,C (2131)-Ribeiro,O (1919) Fortaleza 2011}) 10. h4 $14 f5 (10... Qb6 $14) 11. g5 $16 h5 {[#]} (11... c4 $16 {was called for.}) 12. Bb5 $1 $18 {[%cal Rb5c6] Threatens to win with Bxc6.} Bd6 $2 (12... e5 {is a better defense.}) 13. Bxc6 bxc6 14. Bxd6 Nxd6 15. Ne5 (15. dxc5 Nf7 $16) 15... f4 16. Qxh5 Nf5 $2 (16... Rf5 17. exf4 cxd4 18. cxd4 Ba6) 17. g6 $2 (17. Ng6) 17... Nh6 18. Ng4 ({Not} 18. dxc5 Rf5 $14) (18. Nxc6 Qb6 $11) 18... Rf5 $2 (18... fxe3 19. fxe3 Qc7) 19. Nxh6+ gxh6 20. Qxh6 {[#] Intending Qh7+ and mate.} Qe7 21. e4 dxe4 22. Nxe4 cxd4 23. O-O-O {And now g7 would win.} Qg7 24. Qxg7+ Kxg7 25. Rxd4 Kxg6 (25... Rd5 $142 26. Rc4 Bd7) 26. Rg1+ Kh7 27. Rd8 {Precision: White = 82%, Black = 22%.} 1-0

[Event "ESP-ch Seniors 2017"]
[Site "Altea"]
[Date "2017.10.14"]
[Round "8"]
[White "Sabater Sanchez, Asensio"]
[Black "Campos Gambuti, Luis Maria"]
[Result "0-1"]
[WhiteElo "2149"]
[BlackElo "2413"]
[Annotator "TA"]
[PlyCount "56"]
[EventDate "2017.??.??"]
[EventType "swiss"]
[EventCountry "ESP"]
[SourceTitle "playchess.com"]
[Source "ChessBase"]
[SourceQuality "1"]

{[%evp 9,56,-13,0,0,0,0,0,0,117,-8,-26,-14,-21,-21,-18,-54,-62,-45,-54,-126,-122,-118,-76,-76,-66,-66,-66,-66,-66,-66,-66,-66,-66,-66,-66,-66,-66,-83,-66,-210,-210,-349,-268,-512,-482,-840,-830,-922,-904]} 1. d4 Nf6 2. Bg5 d5 3. Bxf6 gxf6 4. e3 c5 5. Nc3 e6 6. Qh5 {D01: Veresov Opening} Nc6 7. Nge2 (7. dxc5 Bxc5 8. Bd3 f5 9. Nge2 Qf6 10. O-O-O Bd7 11. Nf4 O-O-O 12. Kb1 d4 13. exd4 Bxd4 14. Nb5 Bxb2 15. Qxf7 {½-½ (55) Vitiugov,N (2725)-Bacrot,E (2697) Berlin 2015}) 7... Qa5 8. O-O-O {The position is equal.} b5 {[#]} (8... Bd7 $11) 9. dxc5 $146 (9. e4 $1 $16) ({Predecessor:} 9. Nf4 Bd7 10. Bxb5 cxd4 11. Ncxd5 exd5 12. Nxd5 Bb4 13. Nxf6+ {½-½ (45) Kuzmin,I (2198)-Dashibalov,E (2289) Russia 2007}) 9... b4 $1 $11 {[%cal Rb4c3]} 10. Nxd5 exd5 11. Qxd5 Qxc5 12. Nf4 {Threatens to win with Qe4+.} Qxd5 13. Nxd5 Bd6 $1 14. Nb6 (14. Nxf6+ $15 Ke7 15. Bb5) 14... axb6 $17 15. Rxd6 Bb7 {[#] Strongly threatening ...Ke7.} 16. Bb5 Ke7 17. Rhd1 Rhd8 18. Rxc6 Bxc6 19. Rxd8 Kxd8 20. Bxc6 Rxa2 $15 {[%mdl 4096] Endgame KR-KB} 21. Bd5 Ra1+ 22. Kd2 Ke7 23. Be4 h6 24. c4 (24. h4 $15) 24... Kd6 25. f4 (25. g3 {might work better.}) 25... Kc5 26. Bd5 $2 (26. b3) 26... b5 $19 {[%cal Bb6b5,Bb5c4][%mdl 32] Black is clearly winning.} 27. Bxf7 (27. b3 $142 Ra2+ 28. Kd1) 27... bxc4 28. h4 Rg1 {Precision: White = 26%, Black = 81%.} 0-1

[Event "ESP-ch Seniors 2017"]
[Site "Altea"]
[Date "2017.10.14"]
[Round "8"]
[White "Serra Olives, Tomas"]
[Black "Simon Padros, Emili"]
[Result "1/2-1/2"]
[WhiteElo "2146"]
[BlackElo "2153"]
[Annotator "ChessBase"]
[PlyCount "66"]
[EventDate "2017.??.??"]
[EventType "swiss"]
[EventCountry "ESP"]
[SourceTitle "playchess.com"]
[Source "ChessBase"]
[SourceQuality "1"]
[TimeControl "5400+30"]

1. e4 {[%emt 0:00:00]} e6 {[%emt 0:00:14]} 2. d4 {[%emt 0:00:00]} d5 {[%emt 0:00:08]} 3. Nc3 {[%emt 0:00:00]} Nf6 {[%emt 0:00:17]} 4. Bg5 {[%emt 0:00:04]} Bb4 {[%emt 0:00:19]} 5. e5 {[%emt 0:00:18]} h6 {[%emt 0:00:11]} 6. Bd2 {[%emt 0:00:16]} Bxc3 {[%emt 0:00:13]} 7. bxc3 {[%emt 0:00:14]} Ne4 {[%emt 0:00:16]} 8. Bd3 {[%emt 0:00:15]} Nxd2 {[%emt 0:00:44]} 9. Qxd2 {[%emt 0:00:10]} c5 {[%emt 0:02:29]} 10. Nf3 {[%emt 0:01:07]} O-O {[%emt 0:01:50]} 11. O-O {[%emt 0:00:09]} b6 {[%emt 0:02:06]} 12. g4 {[%emt 0:08:41]} Ba6 {[%emt 0:06:11]} 13. Bxa6 {[%emt 0:00:11]} Nxa6 {[%emt 0:00:02]} 14. Kh1 {[%emt 0:03:59]} Nc7 {[%emt 0:24:55]} 15. Rg1 {[%emt 0:05:11]} f6 {[%emt 0:03:55]} 16. Raf1 {[%emt 0:01:39]} cxd4 {[%emt 0:03:22]} 17. cxd4 {[%emt 0:00:19]} Rc8 {[%emt 0:01:42]} 18. Nh4 {[%emt 0:05:35]} Ne8 {[%emt 0:04:59]} 19. f4 {[%emt 0:03:37]} Qc7 {[%emt 0:08:10]} 20. Rg2 {[%emt 0:19:36]} fxe5 {[%emt 0:02:49]} 21. Ng6 {[%emt 0:00:44]} Rf6 {[%emt 0:00:09]} 22. Nxe5 {[%emt 0:03:59]} Nd6 {[%emt 0:00:33]} 23. Qd3 {[%emt 0:04:38]} Qc3 {[%emt 0:03:54]} 24. Nd7 {[%emt 0:03:13]} Rf7 {[%emt 0:02:25]} 25. Qg6 {[%emt 0:00:42]} Qe3 {[%emt 0:04:23]} 26. Ne5 {[%emt 0:02:39]} Rf6 {[%emt 0:00:33]} 27. Qd3 {[%emt 0:00:12]} Qxd3 {[%emt 0:00:59]} 28. cxd3 {[%emt 0:00:03]} Nb5 {[%emt 0:01:35]} 29. h4 {[%emt 0:02:21]} Nxd4 {[%emt 0:01:47]} 30. g5 {[%emt 0:00:08]} hxg5 {[%emt 0:00:10]} 31. hxg5 {[%emt 0:00:05]} Rff8 {[%emt 0:00:34]} 32. g6 {[%emt 0:03:29]} Nf5 {[%emt 0:00:46]} 33. Re1 {[%emt 0:06:36]} Nh6 {[%emt 0:01:47]} 1/2-1/2

[Event "ESP-ch Seniors 2017"]
[Site "Altea"]
[Date "2017.10.14"]
[Round "8"]
[White "Pastor Alonso De Prado, Alberto"]
[Black "Fos Santacreu, Juan Andres"]
[Result "1-0"]
[WhiteElo "2131"]
[BlackElo "2140"]
[Annotator "TA"]
[PlyCount "113"]
[EventDate "2017.??.??"]
[EventType "swiss"]
[EventCountry "ESP"]
[SourceTitle "playchess.com"]
[Source "ChessBase"]
[SourceQuality "1"]

{[%evp 9,112,0,0,0,29,21,58,49,51,37,46,11,39,31,85,82,98,101,90,93,96,97,181,179,145,101,101,101,200,147,248,201,204,181,197,181,175,113,153,85,149,150,130,114,159,160,145,136,210,210,210,218,211,178,203,200,221,185,224,220,499,539,505,307,319,317,305,311,313,301,312,320,433,438,445,438,429,420,904,431,425,411,429,370,359,234,245,235,236,222,474,479,855,629,550,94,29983,29984,29984,29985,29989,29990,29998,29999,29999]} 1. e4 {[%cal Be2e4,Be4e5][%mdl 32]} c6 2. d4 d5 3. e5 c5 4. dxc5 e6 5. a3 Bxc5 6. Qg4 {B12: Caro-Kann: Advance Variation} g6 7. Nf3 Nc6 8. Bd3 {White is slightly better.} Qc7 9. Qf4 $146 ({Predecessor:} 9. Bf4 Bd7 10. O-O h5 11. Qg3 O-O-O 12. Nc3 h4 13. Nxh4 g5 14. Bxg5 Nge7 15. b4 Bd4 16. Nb5 Qb6 17. Nxd4 Qxd4 18. Nf3 {1-0 (18) Ivanchuk,V (2710)-Akopian,V (2684) Warsaw 2003}) 9... Bf8 10. Qg3 (10. O-O {seems wilder.} Bg7 11. Re1 Nge7 12. Qg3 Bd7 13. Bf4) 10... Nh6 11. O-O Bg7 (11... Nf5 $14 12. Bxf5 gxf5) 12. Re1 $16 Nf5 13. Bxf5 $1 exf5 14. Nc3 Be6 15. Nb5 Qb6 (15... Qd7 $16 {was worth a try.}) 16. Nd6+ $18 Kf8 17. Bf4 h6 {White should prevent ...g5.} 18. h4 Rg8 (18... Kg8 $16 {might work better.}) 19. Rad1 Rd8 (19... Rh8 $16 20. b4 a6) 20. b4 Rh8 21. Be3 Qc7 22. Bc5 Kg8 {[#]} 23. Nb5 ({White should play} 23. b5 $1 $18 {[%cal Rb5c6]} Na5 24. Bb4 (24. Bxa7 b6 $15)) 23... Qc8 24. Bd6 (24. Bxa7 $142 Nxa7 25. Nxa7) 24... a6 (24... Rd7 $142) 25. Nc7 $16 Kh7 26. Nxd5 {And now Nb6 would win.} Bxd5 27. Rxd5 Rhe8 28. c4 {[%cal Bc2c4,Bc4c5][%mdl 32]} Rd7 (28... f6 $16) 29. Qf4 $18 Nd8 30. c5 Ne6 31. Qd2 Qc6 32. Rd3 Qc8 33. Nd4 Qd8 34. h5 Ng5 $2 (34... gxh5 35. Nxf5 Qg5) 35. hxg6+ fxg6 36. f3 Ne6 37. Nxe6 Rxe6 38. Rd4 Qe8 39. f4 Rf7 40. Qd3 Qc6 41. Qc4 Qe8 42. a4 g5 43. b5 Bf6 (43... gxf4 $142 44. bxa6 bxa6) 44. Qd3 (44. bxa6 $142 bxa6 45. Rb1 Rxd6 46. cxd6) 44... Bd8 45. fxg5 Bxg5 46. Rf1 {[%cal Be1f1,Bf1f5,Bf5f8][%mdl 32]} Kg7 47. Rc4 ({Don't play} 47. bxa6 bxa6 48. Rc4 Rxe5 $18) 47... axb5 48. Rb4 bxa4 49. Rxf5 Rd7 $2 (49... Rxf5 50. Qxf5 b5) 50. Qf3 Qa8 (50... a3 $142 51. Qxa3 Bd2) 51. Rf8 Qa5 52. Rg4 $2 $40 {[%mdl 128] White goes for the king.} (52. Re4 $18) 52... a3 $2 {[%mdl 8192] [#]} (52... Rexd6 $16 53. cxd6 Qe1+ 54. Qf1 Qxe5) 53. Qf5 {White mates.} Qe1+ 54. Kh2 Rexd6 55. cxd6 a2 56. Qf6+ Kh7 57. Rh8# {Precision: White = 67%, Black = 21%.} 1-0

[Event "ESP-ch Seniors 2017"]
[Site "Altea"]
[Date "2017.10.14"]
[Round "8"]
[White "Bautista Sanchez, Joan"]
[Black "Gonzalez Rivera, Eduardo"]
[Result "1/2-1/2"]
[WhiteElo "2123"]
[BlackElo "2020"]
[Annotator "NA"]
[PlyCount "57"]
[EventDate "2017.??.??"]
[EventType "swiss"]
[EventCountry "ESP"]
[SourceTitle "playchess.com"]
[Source "ChessBase"]
[SourceQuality "1"]
[TimeControl "5400+30"]

1. Nf3 {[%emt 0:00:00]} d5 {[%emt 0:00:05]} 2. c3 {[%emt 0:00:18]} c5 {[%emt 0:00:21]} 3. g3 {[%emt 0:00:31]} Nc6 {[%emt 0:00:06]} 4. d4 {[%emt 0:00:13]} e6 {[%emt 0:01:39]} 5. Bg2 {[%emt 0:00:36]} Nf6 {[%emt 0:00:06]} 6. O-O {[%emt 0:01:00]} b6 {[%emt 0:00:56]} 7. Bg5 {[%emt 0:03:32]} Be7 {[%emt 0:01:01]} 8. Nbd2 {[%emt 0:04:52]} cxd4 {[%emt 0:03:18]} 9. cxd4 {[%emt 0:01:36]} Bb7 {[%emt 0:00:28]} 10. Rc1 {[%emt 0:03:29]} O-O {[%emt 0:00:31]} 11. Qa4 {[%emt 0:02:25]} Rc8 {[%emt 0:11:13]} 12. e3 {[%emt 0:10:30]} a6 {[%emt 0:05:41]} 13. Bxf6 {[%emt 0:03:00]} Bxf6 {[%emt 0:00:20]} 14. b4 {[%emt 0:00:36]} b5 {[%emt 0:02:14]} 15. Qb3 {[%emt 0:00:39]} a5 {[%emt 0:00:28]} 16. bxa5 {[%emt 0:01:44]} Qxa5 {[%emt 0:02:14]} 17. Rc5 {[%emt 0:00:28]} Na7 {[%emt 0:01:35]} 18. Rfc1 {[%emt 0:03:17]} Be7 {[%emt 0:00:02]} 19. Rxc8 {[%emt 0:01:40]} Rxc8 {[%emt 0:00:02]} 20. Rxc8+ {[%emt 0:00:25]} Nxc8 {[%emt 0:00:01]} 21. Qc2 {[%emt 0:03:10]} Nd6 {[%emt 0:12:46]} 22. Nb3 {[%emt 0:03:50]} Qb6 {[%emt 0:00:40]} 23. Ne5 {[%emt 0:05:01]} Nc4 {[%emt 0:02:42]} 24. Nd7 {[%emt 0:02:38]} Qa7 {[%emt 0:00:55]} 25. Ndc5 {[%emt 0:00:52]} Bxc5 {[%emt 0:00:02]} 26. Nxc5 {[%emt 0:01:02]} Bc6 {[%emt 0:00:12]} 27. Nd3 {[%emt 0:05:25]} Qa3 28. Qb3 b4 29. Qc2 1/2-1/2

[Event "ESP-ch Seniors 2017"]
[Site "Altea"]
[Date "2017.10.14"]
[Round "8"]
[White "Lloret Ramis, Juan Jose"]
[Black "Garcia Fernandez, Carlos"]
[Result "1/2-1/2"]
[WhiteElo "2120"]
[BlackElo "2264"]
[Annotator "TA"]
[PlyCount "41"]
[EventDate "2017.??.??"]
[EventType "swiss"]
[EventCountry "ESP"]
[SourceTitle "playchess.com"]
[Source "ChessBase"]
[SourceQuality "1"]

{[%evp 9,41,0,0,-8,14,16,14,14,16,6,36,-22,0,-13,-9,-3,8,8,36,42,61,31,57,62,94,22,21,0,13,0,0,0,0,0]} 1. c4 e5 {[%cal Be7e5,Be5e4][%mdl 32]} 2. Nc3 d6 3. Nf3 {[%cal Bg1f3,Bf3d2,Bd2b3][%mdl 32]} f5 4. d4 e4 5. Bg5 Be7 6. Bxe7 {A21: English Opening: 1...e5 2 Nc3} Nxe7 (6... Qxe7 7. Nd2 Nf6 8. e3 c6 9. Be2 Na6 10. O-O O-O 11. Qc2 Kh8 12. a3 Nc7 13. b4 d5 14. cxd5 cxd5 {½-½ (48) Kvon,A (2493)-Solodovnichenko,Y (2615) Tashkent 2012}) 7. Nd2 O-O 8. e3 c5 9. dxc5 $146 ({Predecessor:} 9. Nb3 Na6 10. Be2 Ng6 11. Qd2 Be6 12. O-O-O Qf6 13. d5 Bd7 {1-0 (34) Jelen,P (2233)-Kovacik,E (2178) Slovakia 2006}) 9... dxc5 10. Be2 (10. g4 $14) 10... Be6 11. Nb3 Qb6 12. O-O Rd8 13. Qc2 Na6 14. a3 Qc6 15. Rfd1 Rxd1+ 16. Rxd1 Re8 17. Nd5 ({Better is} 17. Na5 $16 Qb6 18. Qa4) 17... b6 $11 {The position is equal.} 18. Bh5 Bf7 19. Nxe7+ Rxe7 20. Rd8+ Re8 $1 {[%cal Re8d8]} 21. Bxf7+ {Precision: White = 49%, Black = 30%.} 1/2-1/2

[Event "ESP-ch Seniors 2017"]
[Site "Altea"]
[Date "2017.10.14"]
[Round "8"]
[White "Pastor Pons, Pedro Maria"]
[Black "Roche Simon, Manuel Angel"]
[Result "0-1"]
[WhiteElo "2077"]
[BlackElo "2216"]
[Annotator "NA"]
[PlyCount "66"]
[EventDate "2017.??.??"]
[EventType "swiss"]
[EventCountry "ESP"]
[SourceTitle "playchess.com"]
[Source "ChessBase"]
[SourceQuality "1"]
[TimeControl "5400+30"]

1. e4 {[%emt 0:00:00]} c5 {[%emt 0:00:07]} 2. Nf3 {[%emt 0:00:32]} Nc6 {[%emt 0:00:10]} 3. d4 {[%emt 0:00:07]} cxd4 {[%emt 0:00:09]} 4. Nxd4 {[%emt 0:00:08]} Nf6 {[%emt 0:00:10]} 5. Nc3 {[%emt 0:00:14]} d6 {[%emt 0:00:17]} 6. Be2 {[%emt 0:01:23]} e5 {[%emt 0:00:34]} 7. Nb3 {[%emt 0:01:07]} Be7 {[%emt 0:00:18]} 8. O-O {[%emt 0:00:26]} O-O {[%emt 0:00:18]} 9. f4 {[%emt 0:00:37]} a5 {[%emt 0:01:00]} 10. a4 {[%emt 0:07:58]} Nb4 {[%emt 0:01:30]} 11. Bf3 {[%emt 0:04:33]} Be6 {[%emt 0:03:45]} 12. f5 {[%emt 0:01:13] B59: Sizilianisch (Boleslawski-Variante)} Bc4 {[%emt 0:00:25]} 13. Re1 {[%emt 0:00:05]} (13. Be2 d5 14. exd5 Bxb3 15. cxb3 Nbxd5 16. Nxd5 Qxd5 17. Qxd5 Nxd5 18. Bc4 Rfd8 19. Rd1 Bc5+ {½-½ (50) Rizouk,A (2489)-Gallego Alcaraz,A (2428) Barcelona 2017}) 13... Nxc2 {[%emt 0:01:13]} 14. Qxc2 {[%emt 0:02:36]} Qb6+ {[%emt 0:00:18]} 15. Be3 {[%emt 0:00:06]} Qxb3 {[%emt 0:00:07]} 16. Qd2 {[%emt 0:00:13]} Rfd8 {[%emt 0:05:52]} 17. Qf2 $146 {[%emt 0:06:37]} ({Vorgänger:} 17. Rad1 Qb4 18. g4 d5 19. Nxd5 Nxd5 20. exd5 Qxd2 21. Bxd2 {0-1 (46) Cortlever,N-Kottnauer,C Prague 1949}) 17... d5 {[%emt 0:05:15]} 18. Bb6 {[%emt 0:01:37]} dxe4 {[%emt 0:06:07]} 19. Nxe4 {[%emt 0:01:46]} Nxe4 {[%emt 0:02:37]} 20. Bxe4 {[%emt 0:03:56]} Rd7 {[%emt 0:05:23]} 21. f6 {[%emt 0:00:11]} gxf6 {[%emt 0:05:34]} 22. Bc2 {[%emt 0:16:19]} Qb4 {[%emt 0:06:17]} 23. Be3 {[%emt 0:04:11]} Be6 {[%emt 0:03:09]} 24. Kh1 {[%emt 0:01:59]} Kh8 {[%emt 0:07:27]} 25. Bh6 {[%emt 0:00:30]} Qd4 {[%emt 0:02:43]} 26. Qf3 {[%emt 0:01:52]} Qg4 {[%emt 0:00:43]} 27. Qf2 {[%emt 0:02:15]} Rad8 {[%emt 0:03:35]} 28. Rf1 {[%emt 0:01:34]} Rg8 {[%emt 0:03:23]} 29. Rae1 {[%emt 0:00:59]} Rd4 {[%emt 0:08:29]} 30. Bd2 $2 {[%emt 0:01:08]} (30. Be3 Bd5 31. Rg1) 30... Bd5 {[%emt 0:01:24]} 31. Rg1 {[%emt 0:00:14] [#]} Qh4 $2 {[%emt 0:02:15]} (31... Bxg2+ $1 {[%mdl 512]} 32. Rxg2 (32. Qxg2 Qxg2+) 32... Qxg2+ 33. Qxg2 Rxg2) 32. Qxh4 {[%emt 0:00:57]} Rxh4 {[%emt 0:00:11]} 33. Bxa5 {[%emt 0:00:02]} (33. Be3 {keeps fighting.}) 33... Bc5 {[%emt 0:00:34]} 0-1

[Event "ESP-ch Seniors 2017"]
[Site "Altea"]
[Date "2017.10.14"]
[Round "8"]
[White "Coll Sola, Joan"]
[Black "Dominguez Rueda, Juan"]
[Result "1/2-1/2"]
[WhiteElo "2045"]
[BlackElo "2135"]
[Annotator "RC"]
[PlyCount "108"]
[EventDate "2017.??.??"]
[EventType "swiss"]
[EventCountry "ESP"]
[SourceTitle "playchess.com"]
[Source "ChessBase"]
[SourceQuality "1"]
[TimeControl "5400+30"]

1. e4 {[%emt 0:00:00]} e5 {[%emt 0:00:07]} 2. Nf3 {[%emt 0:00:00]} d6 {[%emt 0:00:05]} 3. d4 {[%emt 0:00:13]} Nd7 {[%emt 0:00:07]} 4. dxe5 {[%emt 0:01:18]} dxe5 {[%emt 0:00:10]} 5. Bc4 {[%emt 0:00:39]} c6 {[%emt 0:00:19]} 6. O-O {[%emt 0:03:42]} Be7 {[%emt 0:01:19]} 7. Ng5 {[%emt 0:03:40]} Bxg5 {[%emt 0:02:20]} 8. Qh5 {[%emt 0:00:05]} g6 {[%emt 0:00:46]} 9. Qxg5 {[%emt 0:00:08]} Qxg5 {[%emt 0:00:23]} 10. Bxg5 {[%emt 0:00:05]} Nc5 {[%emt 0:03:58]} 11. Nd2 {[%emt 0:09:56]} Ne6 {[%emt 0:01:48]} 12. Be3 {[%emt 0:06:44]} Nf6 {[%emt 0:03:53]} 13. Nf3 {[%emt 0:06:48]} Nxe4 {[%emt 0:01:15]} 14. Nxe5 {[%emt 0:00:27]} Nd6 {[%emt 0:07:22]} 15. Bb3 {[%emt 0:05:21]} Nf5 {[%emt 0:03:42]} 16. Rfe1 {[%emt 0:03:45]} O-O {[%emt 0:04:05]} 17. Rad1 {[%emt 0:04:10]} Nxe3 {[%emt 0:00:38]} 18. Rxe3 {[%emt 0:00:44]} Nc5 {[%emt 0:01:27]} 19. Bc4 {[%emt 0:08:33]} Kg7 {[%emt 0:13:09]} 20. b4 {[%emt 0:04:36]} Ne6 {[%emt 0:14:32]} 21. g3 {[%emt 0:03:59]} a5 {[%emt 0:04:16]} 22. b5 {[%emt 0:01:28]} cxb5 {[%emt 0:00:31]} 23. Bxb5 {[%emt 0:00:11]} Nc5 {[%emt 0:02:15]} 24. Bc4 {[%emt 0:02:55]} Bf5 {[%emt 0:00:59]} 25. Nd3 {[%emt 0:07:18]} Rad8 {[%emt 0:03:15]} 26. Rb1 {[%emt 0:01:42]} Nxd3 {[%emt 0:06:27]} 27. cxd3 {[%emt 0:01:09]} Rd7 {[%emt 0:01:42]} 28. Kf1 {[%emt 0:04:21]} Rc7 {[%emt 0:05:56]} 29. Rb5 {[%emt 0:00:33]} a4 {[%emt 0:00:09]} 30. Rbe5 {[%emt 0:04:06]} Kf6 {[%emt 0:05:38]} 31. Rb5 {[%emt 0:02:25]} Bd7 {[%emt 0:00:38]} 32. Rb6+ {[%emt 0:00:19]} Kg7 {[%emt 0:00:39]} 33. Ke1 {[%emt 0:01:36]} Re8 {[%emt 0:02:38]} 34. Kd2 {[%emt 0:02:12]} Kf8 {[%emt 0:01:09]} 35. Rxe8+ {[%emt 0:01:50]} Kxe8 {[%emt 0:01:36]} 36. Bd5 {[%emt 0:00:36]} Bc8 {[%emt 0:04:25]} 37. Rb4 {[%emt 0:00:50]} a3 {[%emt 0:02:56]} 38. Rc4 {[%emt 0:04:12]} Rxc4 {[%emt 0:00:40]} 39. dxc4 {[%emt 0:00:32]} Ke7 {[%emt 0:01:36]} 40. Kc3 {[%emt 0:00:05]} f6 {[%emt 0:00:12]} 41. Kb4 {[%emt 0:00:09]} Kd6 {[%emt 0:00:13]} 42. Kxa3 {[%emt 0:00:49]} Kc5 {[%emt 0:00:07]} 43. Bg8 {[%emt 0:01:17]} h6 {[%emt 0:00:02]} 44. Kb3 {[%emt 0:01:59]} b6 {[%emt 0:00:32]} 45. Kc3 {[%emt 0:00:28]} g5 {[%emt 0:00:23]} 46. a3 {[%emt 0:00:25]} Bh3 {[%emt 0:00:27]} 47. f4 {[%emt 0:02:43]} Bf1 {[%emt 0:00:11]} 48. h4 {[%emt 0:00:22]} Be2 {[%emt 0:00:25]} 49. fxg5 {[%emt 0:00:31]} fxg5 {[%emt 0:00:03]} 50. Bf7 {[%emt 0:00:22]} gxh4 {[%emt 0:00:22]} 51. gxh4 {[%emt 0:00:01]} Bf1 {[%emt 0:00:20]} 52. Kb3 {[%emt 0:00:17]} Be2 {[%emt 0:00:24]} 53. Kc3 {[%emt 0:00:19]} Bf1 {[%emt 0:00:31]} 54. Bg8 {[%emt 0:00:07]} Be2 {[%emt 0:00:15] Kd4+} 1/2-1/2

[Event "ESP-ch Seniors 2017"]
[Site "Altea"]
[Date "2017.10.14"]
[Round "8"]
[White "Fernandez Vicente, Carmelo"]
[Black "Vallbona Domingo, Joan"]
[Result "1/2-1/2"]
[WhiteElo "2044"]
[BlackElo "1889"]
[Annotator "NA"]
[PlyCount "51"]
[EventDate "2017.??.??"]
[EventType "swiss"]
[EventCountry "ESP"]
[SourceTitle "playchess.com"]
[Source "ChessBase"]
[SourceQuality "1"]
[TimeControl "5400+30"]

1. c4 {[%emt 0:00:00]} Nf6 {[%emt 0:00:12]} 2. g3 {[%emt 0:00:00]} e5 {[%emt 0:00:42]} 3. Bg2 {[%emt 0:00:25]} d5 {[%emt 0:00:14]} 4. cxd5 {[%emt 0:00:18]} Nxd5 {[%emt 0:00:10]} 5. Nc3 {[%emt 0:00:11]} Nb6 {[%emt 0:00:21]} 6. Nf3 {[%emt 0:01:03]} Nc6 {[%emt 0:00:07]} 7. a3 {[%emt 0:00:48]} Be7 {[%emt 0:03:18]} 8. b4 {[%emt 0:02:32]} Be6 {[%emt 0:04:34]} 9. Rb1 {[%emt 0:03:50]} f6 {[%emt 0:04:44]} 10. O-O {[%emt 0:02:51]} O-O {[%emt 0:01:00]} 11. d3 {[%emt 0:03:23]} a5 {[%emt 0:06:30]} 12. b5 {[%emt 0:00:59]} Nd4 {[%emt 0:00:29]} 13. Nd2 {[%emt 0:01:54]} Rb8 {[%emt 0:05:40] A29: English Opening: Four Knights Variation with 4 g3} (13... Qc8 14. e3 Nf5 15. Qc2 a4 16. Rd1 Nd6 17. Nde4 Nxe4 18. Nxe4 Bd5 19. Nc5 Bxg2 20. Kxg2 Bxc5 21. Qxc5 {½-½ (85) Svidler,P (2757)-Giri,A (2793) Moscow 2016}) 14. Re1 {[%emt 0:04:47]} Qd7 {[%emt 0:02:06]} 15. e3 $146 {[%emt 0:02:05]} ({Predecessor:} 15. Nc4 Nxc4 16. dxc4 Bxc4 17. Qa4 Bf7 18. e3 Ne6 19. Rd1 Bd6 20. b6 Qxa4 21. Nxa4 {½-½ (39) Karabakhtsian,A (2302)-Gabrielian,A (2488) Soukhumi 2007}) 15... Nf5 {[%emt 0:01:06]} 16. Qe2 {[%emt 0:07:10]} Rfe8 {[%emt 0:09:10]} 17. Nc4 {[%emt 0:05:30]} Nxc4 {[%emt 0:15:14]} 18. dxc4 {[%emt 0:00:13]} c6 {[%emt 0:00:43]} 19. Rd1 {[%emt 0:02:47]} Qc7 {[%emt 0:00:28]} 20. b6 {[%emt 0:05:47]} Qc8 {[%emt 0:00:04]} 21. Ne4 {[%emt 0:01:43]} Rd8 {[%emt 0:03:02]} 22. Bb2 {[%emt 0:09:29]} Nd6 {[%emt 0:03:57]} 23. Nxd6 {[%emt 0:04:38]} Rxd6 {[%emt 0:01:22]} 24. Qc2 {[%emt 0:02:55]} Qf8 {[%emt 0:00:57]} 25. Rxd6 {[%emt 0:03:32]} Bxd6 {[%emt 0:05:41]} 26. a4 $15 {[%emt 0:00:28]} 1/2-1/2

[Event "ESP-ch Seniors 2017"]
[Site "Altea"]
[Date "2017.10.14"]
[Round "8"]
[White "Buxade Roca, Guillermo"]
[Black "Vinal Gutierrez, Pedro"]
[Result "1/2-1/2"]
[WhiteElo "2025"]
[BlackElo "2041"]
[Annotator "NA"]
[PlyCount "41"]
[EventDate "2017.??.??"]
[EventType "swiss"]
[EventCountry "ESP"]
[SourceTitle "playchess.com"]
[Source "ChessBase"]
[SourceQuality "1"]
[TimeControl "5400+30"]

1. Nf3 {[%emt 0:00:00]} d5 {[%emt 0:01:07]} 2. g3 {[%emt 0:00:00]} Bf5 {[%emt 0:00:23]} 3. Bg2 {[%emt 0:00:24]} e6 {[%emt 0:00:20]} 4. d3 {[%emt 0:04:25]} h6 {[%emt 0:00:29]} 5. O-O {[%emt 0:00:41]} Nf6 {[%emt 0:00:16]} 6. Nbd2 {[%emt 0:03:35]} Bc5 {[%emt 0:00:29]} 7. c4 {[%emt 0:01:25]} c6 {[%emt 0:00:47]} 8. a3 {[%emt 0:07:36]} O-O {[%emt 0:02:18]} 9. b4 {[%emt 0:00:38]} Be7 {[%emt 0:01:20]} 10. Bb2 {[%emt 0:02:34]} Nbd7 {[%emt 0:01:20]} 11. Qb3 {[%emt 0:05:53]} Bh7 {[%emt 0:04:04]} 12. Rfe1 {[%emt 0:01:30]} a5 {[%emt 0:00:56]} 13. e4 {[%emt 0:04:34]} axb4 {[%emt 0:01:12]} 14. axb4 {[%emt 0:00:47]} Rxa1 {[%emt 0:00:22]} 15. Bxa1 {[%emt 0:02:06]} dxe4 {[%emt 0:03:00]} 16. dxe4 {[%emt 0:01:30]} Qb6 {[%emt 0:01:44]} 17. e5 {[%emt 0:04:26]} Ne8 {[%emt 0:01:52]} 18. c5 {[%emt 0:03:42]} Qa7 {[%emt 0:01:13]} 19. Bd4 {[%emt 0:02:20]} Nc7 {[%emt 0:00:24]} 20. Ra1 {[%emt 0:02:26]} Qb8 {[%emt 0:00:18]} 21. Nc4 {[%emt 0:01:09]} 1/2-1/2